书目信息 |
| 题名: |
海洋规划编制、评估理论和技术方法研究
|
|
| 作者: | 孙瑞杰 , 杨潇 主编 | |
| 分册: | ||
| 出版信息: | 北京 海洋出版社 2019.10 |
|
| 页数: | 224页 | |
| 开本: | 26cm | |
| 丛书名: | ||
| 单 册: | ||
| 中图分类: | P74 | |
| 科图分类: | ||
| 主题词: | 海洋经济--hai yang jing ji--经济发展--五年计划--中国--2016-2020 | |
| 电子资源: | ||
| ISBN: | 978-7-5027-9868-0 | |
| 000 | 01160nam0 2200253 450 | |
| 001 | 0109110146 | |
| 005 | 20201109110337.0 | |
| 010 | @a978-7-5027-9868-0@dCNY198.00 | |
| 100 | @a20200408d2019 em y0chiy50 ea | |
| 101 | 0 | @achi |
| 102 | @aCN@b110000 | |
| 105 | @ay z 000yy | |
| 106 | @ar | |
| 200 | 1 | @a海洋规划编制、评估理论和技术方法研究@Ahai yang gui hua bian zhi、ping gu li lun he ji shu fang fa yan jiu@e以天津市海洋经济和海洋事业发展“十三五”规划研究为例@f孙瑞杰, 杨潇主编 |
| 210 | @a北京@c海洋出版社@d2019.10 | |
| 215 | @a224页@d26cm | |
| 330 | @a本书尝试着从理论层面对海洋规划编制和评估的基础理论和技术方法进行探索,同时以天津市海洋经济和海洋事业发展“十三五”规划为例进行了实践分析,希望能对海洋规划编制和评估起到一定的促进作用。 | |
| 517 | 1 | @a以天津市海洋经济和海洋事业发展“十三五”规划研究为例@Ayi tian jin shi hai yang jing ji he hai yang shi ye fa zhan“shi san wu”gui hua yan jiu wei li |
| 606 | 0 | @a海洋经济@Ahai yang jing ji@x经济发展@x五年计划@y中国@z2016-2020 |
| 690 | @aP74@v5 | |
| 701 | 0 | @a孙瑞杰@Asun rui jie@4主编 |
| 701 | 0 | @a杨潇@AYang Xiao@4主编 |
| 801 | 0 | @aCN@bBJSZM@c20201103 |
| 905 | @b1213793-4@dP74@e117@f2 | |
| 海洋规划编制、评估理论和技术方法研究:以天津市海洋经济和海洋事业发展“十三五”规划研究为例/孙瑞杰, 杨潇主编.-北京:海洋出版社,2019.10 |
| 224页;26cm |
| ISBN 978-7-5027-9868-0:CNY198.00 |
| 本书尝试着从理论层面对海洋规划编制和评估的基础理论和技术方法进行探索,同时以天津市海洋经济和海洋事业发展“十三五”规划为例进行了实践分析,希望能对海洋规划编制和评估起到一定的促进作用。 |
| ● |
| 相关链接 |
|
|
|
|
正题名:海洋规划编制、评估理论和技术方法研究
索取号:P74/117
 
预约/预借
| 序号 | 登录号 | 条形码 | 馆藏地/架位号 | 状态 | 备注 |
| 1 | 1213793 | 212137935 | 第二样本阅览室/ [索取号:P74/117] | 在馆 | |
| 2 | 1213794 | 212137944 | 第三借阅区/ [索取号:P74/117] | 在馆 |